LEADER 01024nam--2200361---450- 001 990001881550203316 005 20040728103226.0 010 $a3-540-20110-6 035 $a000188155 035 $aUSA01000188155 035 $a(ALEPH)000188155USA01 035 $a000188155 100 $a20040728d2004----km-y0itay0103----ba 101 0 $aeng 102 $aDE 105 $aa|||||||001yy 200 1 $aGranular gas dynamics$fT. Pöschel, N. Brilliantov (Eds.) 210 $aBerlin [etc.]$cSpringer$dcopyr. 2004 215 $aXIV, 366 p.$cill.$d24 cm. 225 2 $aLecture notes in physics$v624 410 0$12001$aLecture notes in physics$v624 454 1$12001 461 1$1001-------$12001 702 1$aPÖSCHEL,$bT. 702 1$aBRILLIANTOV,$bN. 801 0$aIT$bsalbc$gISBD 912 $a990001881550203316 951 $a530 LNP 624$b0030503/CBS$c530$d00114311 959 $aBK 969 $aSCI 979 $aRIVELLI$b90$c20040728$lUSA01$h1032 996 $aGranular gas dynamics$9474488 997 $aUNISA